How to Double your Sales : (Record no. 15167)

MARC details
000 -LEADER
fixed length control field 01318cam a22002658a 4500
001 - CONTROL NUMBER
control field 15974112
005 - DATE AND TIME OF LATEST TRANSACTION
control field 20110214091659.0
008 - FIXED-LENGTH DATA ELEMENTS--GENERAL INFORMATION
fixed length control field 091105s2010 enk 001 0 eng
010 ## - LIBRARY OF CONGRESS CONTROL NUMBER
LC control number 2009047018
020 ## - INTERNATIONAL STANDARD BOOK NUMBER
International Standard Book Number 9780273732617 (pbk.)
040 ## - CATALOGING SOURCE
Original cataloging agency DLC
Transcribing agency DLC
050 00 - LIBRARY OF CONGRESS CALL NUMBER
Classification number HF5438.25
Item number .K562 2010
082 00 - DEWEY DECIMAL CLASSIFICATION NUMBER
Classification number 658.81
Edition number 22
Item number KIN
100 1# - MAIN ENTRY--PERSONAL NAME
Personal name King, Bruce,
Dates associated with a name 1946-
9 (RLIN) 23277
245 10 - TITLE STATEMENT
Title How to Double your Sales :
Remainder of title The Ultimate Master Class in How to Sell Anything to Anyone /
Statement of responsibility, etc Bruce King.
260 ## - PUBLICATION, DISTRIBUTION, ETC. (IMPRINT)
Place of publication, distribution, etc Harlow, England ;
-- New York :
Name of publisher, distributor, etc Pearson Longman, 2010
Date of publication, distribution, etc 2010.
300 ## - PHYSICAL DESCRIPTION
Extent 231 p. :
Other physical details ill. ;
Dimensions 20 cm.
500 ## - GENERAL NOTE
General note Includes index.
650 #0 - SUBJECT ADDED ENTRY--TOPICAL TERM
Topical term or geographic name as entry element Selling.
9 (RLIN) 23278
942 ## - ADDED ENTRY ELEMENTS (KOHA)
Source of classification or shelving scheme Dewey Decimal Classification
Item type Book - Borrowing
Holdings
Withdrawn status Item status Source of classification or shelving scheme Damaged status Not for loan Vendor Home library Current library Shelving location Date acquired Source of acquisition Cost, normal purchase price Total Checkouts Total Renewals Full call number Barcode Date last seen Date last borrowed Koha item type Checked out
    Dewey Decimal Classification     Baccah Central Library Central Library First floor 21/04/2011   180.00 3 2 658.81 KIN 000023364 15/07/2025 22/12/2019 Book - Borrowing  
    Dewey Decimal Classification     Baccah Central Library Central Library First floor 21/04/2011   180.00     658.81 KIN 000023366 15/07/2025   NB - Book (Non borrowing)  
    Dewey Decimal Classification     Baccah Central Library Central Library First floor 21/04/2011   180.00 6 6 658.81 KIN 000023365 04/11/2025 04/11/2025 Book - Borrowing 11/11/2025